Normal view
MARC view
- WIRELESS COMMUNICATION SYSTEMS COMPUTER NETWORKS
Entry Topical Term
001 - CONTROL NUMBER
- control field: 74885
003 - CONTROL NUMBER IDENTIFIER
- control field: NUST
005 - DATE AND TIME OF LATEST TRANSACTION
- control field: 20210628205317.0
008 - FIXED-LENGTH DATA ELEMENTS
- fixed length control field: 210628|| aca||aabn | a|a d
040 ## - CATALOGING SOURCE
- Original cataloging agency: NUST
- Transcribing agency: NUST
150 ## - HEADING--TOPICAL TERM
- Topical term or geographic name entry element: WIRELESS COMMUNICATION SYSTEMS COMPUTER NETWORKS
670 ## - SOURCE DATA FOUND
- Source citation: Work cat.: (NUST): Goralski, Walter 69312, Atm the future of high speed networking, 1994
